| 000 | 00576nam a22001577a 4500 | ||
|---|---|---|---|
| 003 | NUST | ||
| 038 | _aNusrat Nadeem | ||
| 082 | _a200 | ||
| 100 |
_aZaidi, Syed Muhammad Hani Haider _9130548 |
||
| 245 |
_aDeveloping a Local Supply Chain for Lithium-Ion Batteries: Opportunities & Challenges in the Pakistani Landscape/ _cSyed Muhammad Hani Haider Zaidi, |
||
| 264 |
_aIslamabad: _bNBS NUST. _c2025. |
||
| 650 |
_aExecutive MBA _9120079 |
||
| 700 |
_aSupervisor: Dr. Nabeel Safdar _9119913 |
||
| 856 | _uhttp://10.250.8.41:8080/xmlui/handle/123456789/54543 | ||
| 942 |
_2ddc _cSC |
||
| 999 |
_c614743 _d614743 |
||